Statystyki dla Czy Rozpoznasz Tytuł Gry po Tłumaczeniu na Język Polski? #1

Kliknij tutaj aby rozwiązać quiz!

Ogólne statystyki

  • Ten quiz został rozwiązany 789 razy
  • Średni wynik to 15 z 30

Statystyki odpowiedzi

LpTytuł przetłumaczony na język polskiOryginalny tytuł% Poprawnych
1Credo ZabójcyAssassin's Creed
80%
29Po Prostu TańczJust Dance
79%
4Uliczny WojownikStreet Fighter
79%
9Ciemne DuszeDark Souls
78%
6Mała Wielka PlanetaLittle Big Planet
74%
5Niezbadany: Fortuna Drake'aUncharted: Drake's Fortune
74%
3Odkupienie Czerwonej ŚmierciRed Dead Redemption
73%
25Efekt MasowyMass Effect
69%
2Solidna Metalowa PrzekładniaMetal Gear Solid
69%
16Daleki PłaczFar Cry
67%
14Diabeł Może PłakaćDevil May Cry
64%
12Wezwanie do SłużbyCall of Duty
60%
27Opad: Nowe VegasFallout: New Vegas
56%
24Ostateczna FantazjaFinal Fantasy
55%
21Potrzeba Prędkości: Gorący PościgNeed for Speed: Hot Pursuit
49%
30Dni Które PrzeminęłyDays Gone
47%
10Herosi Mocy i MagiiHeroes of Might and Magic
47%
8Mieszkaniec ZłaResident Evil
47%
26Zespół RockowyRock Band
46%
7Starcze Zwoje V: Obręcz NiebaThe Elder Scrolls V: Skyrim
46%
20Szereg ŚwiętychSaints Row
41%
19Łupieżca GrobowcaTomb Raider
36%
18Śmiertelna WalkaMortal Kombat
31%
15OsadnicySettlers
29%
11AureolaHalo
27%
22Książę Zrzuć Na Nich Bombę Atomową 3DDuke Nukem 3D
21%
17Drzazga KomórkaSplinter Cell
21%
28PograniczeBorderlands
20%
23Tylko Dlatego, ŻeJust Cause
20%
13Wypadek JamrajCrash Bandicoot
18%

Rozkład punktacji

Percentyl według liczby udzielonych odpowiedzi

Procent ludzi z każdym wynikiem

Twoja historia wyników

Nie rozwiązałeś tego quizu